[Event "SDZ Open"]
[Site "Solin CRO"]
[Date "2007.01.24"]
[Round "5"]
[White "Miskovic,Bo"]
[Black "Cokaric,A"]
[Result "1-0"]
[WhiteElo "2066"]
[BlackElo "1770"]

1.d4 Nf6 2.Bg5 e6 3.c3 Be7 4.e3 b6 5.f3 Bb7 6.Bd3 d6 7.Ne2 Nbd7 8.Bh4 a6
9.O-O Nh5 10.Bf2 g6 11.Qe1 Ng7 12.Nd2 O-O 13.f4 c5 14.Ng3 d5 15.Nf3 cxd4
16.exd4 a5 17.Qe2 Qc8 18.h4 Ba6 19.Rae1 Bxd3 20.Qxd3 Qc4 21.Qb1 Bd6 22.Ne5 Qc7
23.Ne2 h5 24.g3 b5 25.Rc1 Nb6 26.Qd3 Nc4 27.b3 Na3 28.Kg2 Qb7 29.Kh3 a4 30.b4 Rac8
31.g4 Nc4 32.Rg1 Nxe5 33.fxe5 Bb8 34.gxh5 Nxh5 35.Rg5 Rfd8 36.Rcg1 Kf8 37.Qf3 Ke8
38.Rxh5 gxh5 39.Rg8+ Kd7 40.Qxf7+ Kc6 41.Qxe6+ Bd6 42.exd6 Rxg8 43.d7+ Kc7
44.dxc8=Q+ Qxc8 45.Qxc8+ Kxc8 46.Nf4 Rf8 47.Kg3 a3 48.Nxd5 Kd7 49.Ne3 Ke6
50.c4 bxc4 51.Nxc4 Kd5 52.Nxa3 Ra8 53.Nb1 Rg8+ 54.Kf3 Rc8 55.Be3 Rc2 56.a3 Rb2
57.Nc3+ Ke6 58.Ke4 Rb3 59.d5+ Kd7 60.Nb5 Rb1 61.Nd4 Rd1 62.a4 Rb1 63.Nc6 Re1
64.a5 Kc7 65.b5 Re2 66.a6 Ra2 67.b6+  1-0

[Event "Open"]
[Site "Moscow RUS"]
[Date "2007.01.28"]
[Round "2"]
[White "Konenkin,D"]
[Black "Ludanov,N"]
[Result "1-0"]
[WhiteElo "2319"]
[BlackElo "2147"]

1.d4 Nf6 2.Bg5 e6 3.e4 h6 4.Bxf6 Qxf6 5.Nc3 Bb4 6.Qd2 d6 7.a3 Ba5 8.Bc4 c6
9.Nge2 Nd7 10.O-O Qe7 11.Ng3 Nf6 12.e5 Bxc3 13.Qxc3 Nd5 14.Qd2 f5 15.exf6 Nxf6
16.Rae1 d5 17.Bd3 O-O 18.Nf5 Qc7 19.Nh4 Ng4 20.f4 c5 21.Ng6 Re8 22.c3 Bd7
23.Rf3 cxd4 24.cxd4 Qb6 25.Bb1 Rac8 26.Rg3 Nf6 27.Ne5 Bc6 28.f5 Ne4 29.Bxe4 dxe4
30.f6 Rc7 31.Qxh6 Qxd4+ 32.Kh1 Ree7 33.Nxc6 bxc6 34.fxe7  1-0

[Event "12th HIT Open A"]
[Site "Nova Gorica SLO"]
[Date "2007.01.29"]
[Round "5"]
[White "Ivanisevic,I"]
[Black "Sebenik,M"]
[Result "1-0"]
[WhiteElo "2602"]
[BlackElo "2434"]

1.d4 Nf6 2.Bg5 e6 3.Nf3 Be7 4.Nbd2 h6 5.Bh4 d5 6.e3 O-O 7.Bd3 c5 8.dxc5 a5
9.c3 Nc6 10.Qe2 Nd7 11.Bxe7 Qxe7 12.e4 Nxc5 13.Bc2 Re8 14.O-O b6 15.Rfe1 Ba6
16.Qe3 Rad8 17.e5 f5 18.exf6 Qxf6 19.Nb3 Nd7 20.Rad1 a4 21.Nbd4 e5 22.Nxc6 Qxc6
23.Qd2 Bb7 24.Bf5 Qf6 25.Bxd7 Rxd7 26.Re3 Rde7 27.Rde1 d4 28.cxd4 Bxf3 29.gxf3 Qg5+
30.Kh1 Rd8 31.d5 Red7 32.Qb4 Rxd5 33.Qxa4 b5 34.Qg4 Qf6 35.Kg2 e4 36.f4 Qxb2
37.Rxe4 R5d6 38.Qf5 Rf8 39.Re8 Rf6 40.Qd5+ Kh8 41.f5 Qb4 42.R1e4 Qa3 43.Re3 Qb4
44.R8e4 Qb2 45.Re5 b4 46.h3 Qc2 47.R3e4 Qc8 48.Rc4 Qb8 49.Qe4 b3 50.Rb4 bxa2
51.Rxb8 a1=Q 52.Ree8 Qa3 53.Qe6 Kh7 54.Rxf8 Rxe6  1-0

[Event "Open"]
[Site "Moscow RUS"]
[Date "2007.02.03"]
[Round "8"]
[White "Popov,Iv RUS"]
[Black "Khismatullin,D"]
[Result "0-1"]
[WhiteElo "2531"]
[BlackElo "2599"]

1.d4 Nf6 2.Bg5 e6 3.e4 h6 4.Bxf6 Qxf6 5.Nf3 d6 6.Nc3 Nd7 7.Qd2 Qd8 8.Bd3 Be7
9.e5 b6 10.Ne4 Bb7 11.O-O O-O 12.Rfe1 a5 13.c3 a4 14.Bc2 Ra5 15.Qd3 g6 16.exd6 cxd6
17.Ned2 Ba6 18.c4 e5 19.b4 axb3 20.axb3 Bf6 21.Ne4 Bg7 22.Rxa5 bxa5 23.dxe5 Nxe5
24.Qxd6 Nxf3+ 25.gxf3 Bb7 26.c5 Qc8 27.Qe7 Bc6 28.Nd6 Qb8 29.Qe3 Qb4 30.Rd1 f5
31.f4 Kh7 32.Rd2 Rb8 33.f3 Qa3 34.Kf2 Qa1 35.Rd1 Qb2 36.Rd2 Qa1 37.Rd1 Qf6
38.Kg2 Rb4 39.Nc4 Rxc4 40.bxc4 Qb2 41.Rd2 Qb4 42.Rd6 Qb7 43.Qb3 Qa8 44.Qd3 Qe8
45.Kf2 Bf8 46.h4 h5 47.Qe3 Bxd6 48.Qxe8 Bxc5+ 49.Qe3 Bxe3+ 50.Kxe3 Kg7 51.Kd4 a4
52.Ke5 a3 53.Bb3 Bxf3 54.c5 Bc6 55.Kd6 Ba4 56.c6 Bxb3 57.c7 a2 58.c8=Q a1=Q  0-1

[Event "39th Giorgi Tringov"]
[Site "Plovdiv BUL"]
[Date "2007.02.06"]
[Round "2"]
[White "Mladenov,P"]
[Black "Drenchev,P"]
[Result "0-1"]
[WhiteElo "2214"]
[BlackElo "2430"]

1.d4 Nf6 2.Bg5 e6 3.e4 h6 4.Bxf6 Qxf6 5.c3 e5 6.dxe5 Qxe5 7.Nd2 g6 8.Ngf3 Qe7
9.Bc4 Bg7 10.Qc2 Nc6 11.O-O-O d6 12.h4 Bd7 13.h5 O-O-O 14.Nh4 Bf6 15.g3 Bxh4
16.Rxh4 g5 17.Rhh1 Rhf8 18.f3 f5 19.exf5 Bxf5 20.Bd3 Bxd3 21.Qxd3 Rde8 22.Rde1 Ne5
23.Qe4 Qf7 24.Kb1 Qf5 25.Kc2 Kd7 26.Rhf1 d5 27.Qxf5+ Rxf5 28.Re3 Nf7 29.Rxe8 Kxe8
30.Kd3 Kd7 31.Re1 g4 32.fxg4 Ne5+ 33.Kd4 Nxg4 34.Rf1 Rxh5 35.Rf7+ Kd6 36.b4 Rh2
37.Nf3 Rh1 38.Kd3 Rh3 39.Ke2 Rxg3 40.Nd4  0-1

[Event "ch-St Petersburg sf"]
[Site "St Petersburg RUS"]
[Date "2007.02.12"]
[Round "3"]
[White "Smirnov,Arte"]
[Black "Kryschilovskij,A"]
[Result "1/2-1/2"]
[WhiteElo "2385"]
[BlackElo "2339"]

1.d4 Nf6 2.Bg5 e6 3.e4 h6 4.Bxf6 Qxf6 5.c3 d6 6.Bd3 Nd7 7.Ne2 g6 8.O-O Bg7
9.f4 Qe7 10.f5 e5 11.Qb3 gxf5 12.exf5 O-O 13.Na3 e4 14.Bc2 Qg5 15.Rf4 e3
16.Raf1 h5 17.Nb5 Qd8 18.Qc4 Nf6 19.Qxc7 a6 20.Qxd8 Rxd8 21.Na3 b5 22.Rh4 Rb8
23.Ng3 Bb7 24.Nxh5 Nxh5 25.Rxh5 Bf6 26.Bd3 Re8 27.Nc2 Re7 28.g4 Be4 29.Bxe4 Rxe4
30.h3 b4 31.Re1 bxc3 32.bxc3 e2 33.Kf2 Rb2 34.Ne3 Rxa2 35.Kf3 Re8 36.Rxe2 Rxe2
37.Kxe2 a5 38.Kd3 a4 39.Nc2 Ra8 40.g5 Be7 41.f6 Bf8 42.Rh4 d5 43.Rg4 Kh7
44.Rg1 Kg6 45.Ne3 Ra5 46.c4 dxc4+ 47.Nxc4 Rxg5 48.Ne5+ Kh5 49.Rc1 a3 50.Ke4 a2
51.Nxf7 Ra5 52.Ra1 Kg6 53.Ne5+ Kxf6 54.Nd3 Bh6 55.Nb4 Ra4 56.Nd5+ Ke6 57.Nc3 Rc4
58.Rxa2 Bg7 59.Ne2 Rb4 60.Ra6+ Kf7 61.Ra7+ Kg6 62.Nf4+ Kh6 63.Rd7 Ra4 64.Rd6+ Kh7
65.Rd7 Kh6 66.Ne6 Bf6 67.Kf5 Bh8 68.d5 Ra1 69.Nf4 Bc3 70.Rc7 Bb4 71.Rb7 Bd2
72.Rb2 Be3 73.Re2 Bc5 74.Rc2 Be3 75.Re2 Bc5 76.Nd3 Ba3 77.Re6+ Kg7 78.Re2 Rf1+
79.Ke4 Rh1 80.Re3 Bd6 81.Kf5 Rf1+ 82.Ke4 Rh1 83.Rf3 Ra1 84.Kf5 Kf7 85.Ne5+ Ke7
86.Rb3 Rf1+ 87.Nf3 Bc7 88.Ke4 Ra1 89.Rb4 Ra2 90.Rc4 Bg3 91.Nd4 Bh2 92.Rb4 Ra3
93.h4 Ra1 94.Rb7+ Kf6 95.Rb6+ Ke7 96.Re6+ Kd7 97.Nf3 Ra4+ 98.Ke3 Ra3+ 99.Ke2 Ra2+
100.Ke3 Ra3+ 101.Kf2 Ra2+ 102.Kf1 Bg3 103.Kg1 Bf2+ 104.Kf1 Bg3 105.Kg1 Bf2+
106.Kh1 Bg3 107.Rg6 Bf4 108.Rg4 Bb8 109.h5 Rf2 110.Rg7+ Ke8  1/2-1/2

[Event "ch-St Petersburg sf"]
[Site "St Petersburg RUS"]
[Date "2007.02.12"]
[Round "3"]
[White "Pankov,Ger"]
[Black "Ivanov,Al3"]
[Result "1/2-1/2"]
[WhiteElo "2321"]
[BlackElo "2458"]

1.d4 Nf6 2.Bg5 e6 3.e4 h6 4.Bxf6 Qxf6 5.Nc3 d6 6.Qd2 a6 7.f4 g6 8.Nf3 Bg7
9.O-O-O Nd7 10.e5 dxe5 11.dxe5 Qe7 12.Be2 Nb6 13.Nd4 Bd7 14.Bf3 O-O-O 15.Qe2 Kb8
16.Qe4 Bc8 17.Nb3 f5 18.Qe3 g5 19.g3 Rxd1+ 20.Rxd1 Rd8 21.Rxd8 Qxd8 22.Qd4 Qxd4
23.Nxd4 Bf8 24.Nd1 c5 25.Ne2 Bd7 26.Ne3 Kc7 27.Kd2 Nc8 28.Nc1 b5 29.c4 Na7
30.b3 Bc6 31.Bxc6 Nxc6 32.Nc2 Ne7 33.Nd3 Kc6 34.Ne3 Ng6 35.Ng2 Be7 36.Kc2 Bd8
37.Kd2 g4 38.Ne3 h5 39.Kc2 Ba5 40.Nf1 h4 41.Ne3 h3 42.Nd1 Ne7 43.Nc3 Kb6
44.Ne2 bxc4 45.bxc4 Nc6 46.a3 Ne7 47.Nec1 Nc6 48.Ne2 Nb8 49.Nec1 Kc6 50.Nb3 Bb6
51.Nbc1 Nd7 52.Ne2 Ba5 53.Nb2 Nb6 54.Kd1 Kd7 55.Kc2 Nc8 56.Nd3 Kc6 57.Nb2 Ne7
58.Nd3 Bb6 59.Nb2 Kc7 60.Nd3 Nc6 61.Kb3 Ba7 62.Kc3 Kb7 63.Kb3 Bb6 64.Kc3 Ba5+
65.Kc2 Kb6 66.Nb2 Nd4+ 67.Nxd4 cxd4 68.Nd3 Bc3 69.Kd1 Kc6 70.Kc2 Ba5 71.Kc1 Bd8
72.Kc2 Be7 73.Kb3 Kb6 74.Kb2 Ka5 75.Kb3 Bf8 76.c5 Kb5 77.a4+ Kc6 78.Kc4 a5
79.Kxd4 Be7  1/2-1/2

[Event "Magistral I"]
[Site "Necochea ARG"]
[Date "2007.02.16"]
[Round "4"]
[White "Airando,M"]
[Black "Granara Barreto,S"]
[Result "1/2-1/2"]
[WhiteElo "2229"]
[BlackElo "2253"]

1.d4 Nf6 2.Bg5 e6 3.e4 c5 4.d5 Qb6 5.Nc3 Be7 6.Qd2 d6 7.Bb5+ Bd7 8.a4 Bxb5
9.axb5 Nbd7 10.Nf3 O-O 11.O-O a6 12.Qe2 h6 13.dxe6 fxe6 14.Bxf6 Bxf6 15.Qc4 Rfe8
16.bxa6 Rxa6 17.Qb5 Qxb5 18.Nxb5 Rb6 19.c4 Ne5 20.Nxe5 Bxe5 21.Rad1 Rd8 22.f4 Bxb2
23.Rd2 Rxb5 24.cxb5 Bd4+ 25.Kh1 Ra8 26.g3 Ra5 27.Rb1 e5 28.Kg2 Kf7 29.b6 Ke7
30.Kf3 Ra3+ 31.Kg4 Kf6 32.Rf1 exf4 33.gxf4 Rb3 34.Rfd1 Rxb6 35.Rxd4 cxd4
36.Rxd4 Ke6 37.Kh5 Kf6 38.Rd5 Rc6 39.Rf5+ Ke6 40.Kg6 Rc2 41.Rb5 Rg2+ 42.Kh7 Rg4
43.e5 dxe5 44.fxe5 Rh4 45.Kxg7 Rxh2 46.Kg6 h5 47.Kg5 Re2 48.Kf4 Rc2 49.Rxb7 Rc4+
50.Kg5 Kxe5  1/2-1/2

[Event "ch-St Petersburg sf"]
[Site "St Petersburg RUS"]
[Date "2007.02.16"]
[Round "7"]
[White "Pankov,Ger"]
[Black "Gorovykh,E"]
[Result "1/2-1/2"]
[WhiteElo "2321"]
[BlackElo "2381"]

1.d4 Nf6 2.Bg5 e6 3.e4 d5 4.exd5 Qxd5 5.Bxf6 gxf6 6.Nf3 b6 7.Nbd2 Bb7 8.Bd3 Nc6
9.c3 Rg8 10.Qe2 O-O-O 11.Rg1 e5 12.Be4 Qd7 13.dxe5 fxe5 14.O-O-O f6 15.Nc4 Bh6+
16.Kb1 Qf7 17.Nh4 Rxd1+ 18.Rxd1 Rd8 19.Rxd8+ Nxd8 20.Nf5 Bf8 21.Bxb7+ Nxb7
22.Nce3 c6 23.Qa6 Kb8 24.Qd3 Kc7 25.Qa6 Kb8 26.Qc4 Qxc4 27.Nxc4 Bc5 28.f3 Kc7
29.Kc2 Kd7 30.g4 Ke6 31.Nd2 a5 32.Ne4 Bf8 33.Kd3 Bc5 34.Kc4 Bf8 35.a4 Be7
36.b4 axb4 37.cxb4 Bd8 38.Ng7+ Kf7 39.Nf5 Ke6 40.h3 Bc7 41.Kc3 Bd8 42.Kd3 Bc7
43.Ng7+ Kf7 44.Nxf6 Bd6 45.Ngh5 Bxb4 46.Kc4 Bd6 47.Ne4 Be7 48.Nhg3 Nd8 49.Nf5 Ne6
50.h4 Nf4 51.h5 Ne6 52.Nh6+  1/2-1/2

[Event "ch-St Petersburg sf"]
[Site "St Petersburg RUS"]
[Date "2007.02.18"]
[Round "9"]
[White "Pankov,Ger"]
[Black "Kurilov,Vi"]
[Result "1/2-1/2"]
[WhiteElo "2321"]
[BlackElo "2316"]

1.d4 Nf6 2.Bg5 e6 3.e4 h6 4.Bxf6 Qxf6 5.Qd2 b6 6.Nc3 Bb7 7.O-O-O Bb4 8.f3 Qg5
9.Nge2 Qxd2+ 10.Rxd2 O-O 11.h4 Be7 12.Kb1 d6 13.Nf4 a6 14.g4 Nd7 15.Rg2 g6
16.Bd3 c5 17.d5 e5 18.Nfe2 b5 19.Nc1 c4 20.Bf1 Nc5 21.b4 cxb3 22.cxb3 b4
23.Nd1 a5 24.Nb2 a4 25.Nbd3 axb3 26.axb3 Nxd3 27.Bxd3 Bd8 28.Bc4 Bb6 29.Rhh2 Ra3
30.Ra2 Rfa8 31.Rxa3 Rxa3 32.Nd3 Bd4 33.Nxb4 Ra1+ 34.Kc2 Kg7 35.h5 Bc8 36.Kd3 Rd1+
37.Ke2 Rc1 38.Kd2 Rb1 39.Nc2 Bb6 40.Kc3 Rg1 41.Be2  1/2-1/2

[Event "Aeroflot Open"]
[Site "Moscow RUS"]
[Date "2007.02.19"]
[Round "6"]
[White "Sedlak,N"]
[Black "Shaposhnikov,E"]
[Result "1/2-1/2"]
[WhiteElo "2561"]
[BlackElo "2554"]

1.d4 Nf6 2.Bg5 e6 3.e3 c5 4.c3 h6 5.Bxf6 Qxf6 6.f4 g5 7.Nh3 gxf4 8.Nxf4 Nc6
9.Be2 d5 10.O-O Qg5 11.Bh5 Rh7 12.Nd2 Bd6 13.Nf3 Qe7 14.c4 dxc4 15.d5 Ne5
16.Nxe5 Bxe5 17.Qc2 Rg7 18.Qxc4 exd5 19.Nxd5 Be6 20.Rad1 Kf8 21.Bxf7 Rxf7
22.Rxf7+ Bxf7 23.Nxe7 Bxh2+ 24.Kxh2 Bxc4 25.Rd7 Bxa2 26.Rxb7 Bb1 27.Rc7 Rb8
28.Rc8+ Rxc8 29.Nxc8 Bf5 30.Nd6 Be6 31.Kg3 Ke7 32.Ne4 c4 33.Kf4 Bf7 34.Ke5 Kd7
35.Nc3 Kc6 36.Kd4 a5 37.e4 Bg8 38.g3 Bf7 39.Nd5 Kb5 40.e5 Kc6 41.Nf4 h5 42.e6 Be8
43.Kxc4 Kd6 44.Kd4 Ba4 45.Nxh5 Kxe6 46.Nf4+ Kf5 47.Ke3 Kg4 48.Kf2 Kg5 49.Nd5 Bb5
50.Ke3 Kg4 51.Nc3 Bc6 52.Kf2 Kg5 53.Ke3 Kg4 54.Ne2 Bd7 55.Kf2 Kg5 56.Kf3 Bc6+
57.Ke3 Kg4 58.Kf2 Bb5 59.Nd4 Be8 60.Nb3 a4 61.Nd4 Bd7 62.Nf3 Bb5 63.Nh2+ Kh3
64.Nf3 Kg4 65.Nd4 Bd7 66.Nc2 Kf5 67.Ne3+ Ke4 68.Ke2 Bb5+ 69.Kd2 Kf3 70.Nd5 Kxg3
71.Kc3 Bc6 72.Nb6 Kf4 73.Kb4 Ke5 74.Nxa4 Kd6  1/2-1/2

[Event "Magistral II"]
[Site "Necochea ARG"]
[Date "2007.02.21"]
[Round "2"]
[White "Tristan,L"]
[Black "Valiente,C"]
[Result "1/2-1/2"]
[WhiteElo "2317"]
[BlackElo "2281"]

1.d4 Nf6 2.Bg5 e6 3.e4 h6 4.Bxf6 Qxf6 5.Nc3 g6 6.Qd2 Bg7 7.O-O-O d6 8.f4 g5
9.g3 Nc6 10.Bb5 Bd7 11.Nge2 O-O-O 12.Rhf1 gxf4 13.d5 exd5 14.exd5 Ne5 15.Rxf4 Qg6
16.Bxd7+  1/2-1/2

[Event "14th Belisce Metalis Open"]
[Site "Bizovac CRO"]
[Date "2007.02.23"]
[Round "4"]
[White "Cebalo,M"]
[Black "Perunovic,Mil"]
[Result "0-1"]
[WhiteElo "2471"]
[BlackElo "2547"]

1.d4 Nf6 2.Bg5 e6 3.e4 h6 4.Bxf6 Qxf6 5.Nc3 Bb4 6.Qd2 d6 7.a3 Ba5 8.Nf3 Nd7
9.b4 Bb6 10.Bc4 O-O 11.O-O c6 12.Rad1 e5 13.d5 c5 14.Na4 cxb4 15.axb4 Qg6
16.Rfe1 Nf6 17.Nxb6 axb6 18.Bd3 Bg4 19.Re3 Bxf3 20.Rxf3 Nxe4 21.Qe3 f5 22.Bxe4 fxe4
23.Rxf8+ Rxf8 24.Qxb6 e3 25.Qxe3 Qxc2 26.Rf1 Qc4 27.Qd2 Rf4 28.Rc1 Rd4 29.Rxc4 Rxd2
30.Kf1 Rxd5 31.Rc8+ Kh7 32.Rd8 b5 33.Rb8 Kg6 34.Ke2 Kf6 35.Ke3 h5 36.h3 h4
37.Rb7 g6 38.Ke2 e4 39.Ke3 Rg5 40.Kxe4 Rxg2 41.f4 Rg3 42.Rxb5 Rxh3 43.Rb8 Rb3
44.b5 h3 45.Rd8 Ke6 46.Re8+ Kf7 47.Rd8 Ke7 48.Rg8 Rb1 49.Rh8 Rxb5 50.Rxh3 Rb4+
51.Kd5 Rxf4  0-1

[Event "Interclubes Paulista"]
[Site "Sao Paulo BRA"]
[Date "2007.02.25"]
[Round "4"]
[White "Cordova,Em"]
[Black "Lee,O"]
[Result "1-0"]
[WhiteElo "2477"]
[BlackElo "2288"]

1.d4 Nf6 2.Bg5 e6 3.e4 h6 4.Bxf6 Qxf6 5.Nc3 Bb4 6.Qd2 d5 7.e5 Qd8 8.Nf3 c5
9.a3 Qa5 10.Rb1 Bxc3 11.Qxc3 Qxc3+ 12.bxc3 c4 13.h4 Nc6 14.h5 b6 15.Kd2 Bd7
16.g4 f6 17.exf6 gxf6 18.Nh4 Rg8 19.Be2 O-O-O 20.f4 Kc7 21.Rhg1 Ne7 22.Rbe1 Rg7
23.g5 fxg5 24.fxg5 Rxg5 25.Rxg5 hxg5 26.Nf3 Rg8 27.Rg1 g4 28.Ne5 g3 29.Ke3 Nf5+
30.Kf4 Be8 31.Bg4 Kd6 32.Bxf5 Rf8 33.h6 Rxf5+ 34.Kxg3 Rh5 35.Ng4 Bg6 36.Rg2 Bf5
37.Ne5 Rg5+ 38.Kf2 Rxg2+ 39.Kxg2 a5 40.Kg3 Bxc2 41.Kf4 Ke7 42.Nf3 Kf6 43.Ng5 Bf5
44.h7 Kg7 45.Ke5 b5 46.Kf4 Kh8 47.Ke3 Kg7 48.Kd2 Kh8 49.Kc1 Kg7 50.Kb2 Kh8
51.a4 bxa4 52.Ka3 Bc2 53.Nxe6 Kxh7 54.Nc7 Be4 55.Kxa4 Kg7 56.Kxa5 Kf7 57.Kb5  1-0

[Event "FSGM March"]
[Site "Budapest HUN"]
[Date "2007.03.03"]
[Round "1"]
[White "Bosiocic,Mari"]
[Black "Boros,De"]
[Result "1/2-1/2"]
[WhiteElo "2474"]
[BlackElo "2502"]

1.d4 Nf6 2.Bg5 e6 3.e4 h6 4.Bxf6 Qxf6 5.c3 d5 6.Bd3 c5 7.Nf3 Nc6 8.O-O Qd8
9.exd5 Qxd5 10.Re1 cxd4 11.cxd4 Bb4 12.Nc3 Qd8 13.a3 Bxc3 14.bxc3 O-O 15.Qe2 Bd7
16.c4 Re8 17.Qe4 f5 18.Qf4 Qf6 19.Ne5 Nxe5 20.Rxe5 Qg5 21.Qg3 Qxg3 22.hxg3 Rad8
23.Rae1 g6 24.g4 Kf7 25.gxf5 exf5 26.f4 b6 27.Kf2 Kf6 28.g3 Be6 29.Ke3 Bf7
30.a4 Rc8 31.Kd2 Red8 32.d5 Rd7 33.Ke3 Rc5 34.Rb1 Ra5 35.Bc2 Rc5 36.Bd3 Ra5
37.Rb4 Rd8 38.Kd4 h5 39.Bc2 h4 40.gxh4 Rh8 41.d6 Rxe5 42.fxe5+ Ke6 43.a5 Rxh4+
44.Kc3 Kxe5 45.axb6 axb6 46.d7 Rh3+ 47.Kb2 Rh8 48.Ba4 f4 49.Rb5+ Kd6 50.Rxb6+ Ke7
51.Kc3 Ra8 52.Bc6 Rd8 53.Kd4 Be6 54.Ke5 g5 55.Bf3 Bxd7 56.Rg6 Rc8 57.Rxg5  1/2-1/2

[Event "39th WGM"]
[Site "Belgrade/Lazarevac SRB"]
[Date "2007.03.10"]
[Round "6"]
[White "Stojanovic,An"]
[Black "Rakic,Ma"]
[Result "0-1"]
[WhiteElo "2223"]
[BlackElo "2241"]

1.d4 Nf6 2.Bg5 e6 3.e4 h6 4.Bxf6 Qxf6 5.Nf3 c5 6.c3 Nc6 7.Be2 cxd4 8.cxd4 Bb4+
9.Nc3 O-O 10.O-O Bxc3 11.bxc3 Qf4 12.e5 d6 13.g3 Qf5 14.Nh4 Qg5 15.f4 Qd8
16.Bd3 Ne7 17.Qh5 Qa5 18.Qf3 Bd7 19.exd6 Nd5 20.c4 Nf6 21.c5 Qb4 22.Rfd1 Ba4
23.Qe3 Bxd1 24.Rxd1 b6 25.Rb1 Qa5 26.Nf3 Rac8 27.Rc1 Rfd8 28.Ne5 bxc5 29.dxc5 Qb4
30.Ba6 Nd5 31.Qd3 Rxc5 32.Rb1 Qa4 33.d7 Rc3 34.Bb5 Qxa2 35.Qe4 Re3 36.Bc4 Qd2
37.Qg2 Re1+ 38.Rxe1 Qxe1+ 39.Qf1 Qxf1+ 40.Bxf1 f6  0-1

[Event "ch-SRB"]
[Site "Vrsac SRB"]
[Date "2007.03.11"]
[Round "7"]
[White "Miladinovic,I"]
[Black "Perunovic,Mil"]
[Result "1/2-1/2"]
[WhiteElo "2607"]
[BlackElo "2547"]

1.d4 Nf6 2.Bg5 e6 3.e3 h6 4.Bh4 b6 5.Nd2 Bb7 6.c3 Be7 7.Bxf6 Bxf6 8.Ngf3 c5
9.Bd3 Nc6 10.Qe2 Rc8 11.Ne4 Be7 12.g4 Qc7 13.a3 cxd4 14.cxd4 Na5 15.Rd1 Nb3
16.O-O O-O 17.Ng3 g6 18.Ba6 Kg7 19.Bxb7 Qxb7 20.d5 Qc7 21.Kg2 Bf6 22.e4 Qc4
23.Qxc4 Rxc4 24.e5 Be7 25.dxe6 dxe6 26.Rd7 Bc5 27.Rd3 Nc1 28.Rdd1 Nb3 29.Rd3 Nc1
30.Rdd1  1/2-1/2

[Event "39th WGM"]
[Site "Belgrade/Lazarevac SRB"]
[Date "2007.03.12"]
[Round "8"]
[White "Benderac,A"]
[Black "Olarasu,G"]
[Result "1/2-1/2"]
[WhiteElo "2303"]
[BlackElo "2274"]

1.d4 Nf6 2.Bg5 e6 3.e3 c5 4.c3 b6 5.Nf3 Bb7 6.Nbd2 Be7 7.Bd3 h6 8.Bxf6 Bxf6
9.O-O Nc6 10.Re1 O-O 11.Nc4 d6 12.dxc5 dxc5 13.Nd6 Qc7 14.Nxb7  1/2-1/2

[Event "56th ch-BUL w"]
[Site "Pernik BUL"]
[Date "2007.03.17"]
[Round "8"]
[White "Andreeva,P"]
[Black "Chilingirova,P"]
[Result "0-1"]
[WhiteElo "2090"]
[BlackElo "2184"]

1.d4 Nf6 2.Bg5 e6 3.e4 h6 4.Bxf6 Qxf6 5.c3 c5 6.e5 Qd8 7.f4 cxd4 8.cxd4 Qb6
9.Qd2 Nc6 10.Nf3 d6 11.Nc3 Bd7 12.Be2 Be7 13.Na4 Qb4 14.Nc3 O-O 15.O-O dxe5
16.dxe5 Rfd8 17.a3 Qb6+ 18.Kh1 Na5 19.Rad1 Nb3 20.Qc2 Bc6 21.Rxd8+ Rxd8 22.Rd1 Nd4
23.Nxd4 Rxd4 24.Qc1 Rxd1+ 25.Nxd1 Qd4 26.Qe3 Bc5 27.Qxd4 Bxd4 28.h4 g5 29.hxg5 hxg5
30.fxg5 Bxe5 31.Bd3 Kg7 32.Nc3 Bf4 33.g6 fxg6 34.b4 Be5 35.Ne4 Bd5 36.b5 Bb3
37.Nc5 Bd5 38.Be4 Bd6 39.Bxd5 exd5 40.Nxb7 Bxa3 41.Na5 Kf6 42.Kg1 Bc5+ 43.Kf1 Ke5
44.Ke2 Kd4 45.g4 Kc3 46.g5 Kc2 47.Nc6 d4 48.Ne5 Be7 49.Nd3 Bxg5 50.Nb4+ Kc3
51.Nd5+ Kc4 52.b6 d3+ 53.Kd1 axb6 54.Nxb6+ Kd4 55.Nd7 Be7 56.Nb6 g5 57.Nc8 Bf8  0-1

[Event "56th ch-BUL w"]
[Site "Pernik BUL"]
[Date "2007.03.19"]
[Round "10"]
[White "Andreeva,P"]
[Black "Genova,Ly"]
[Result "0-1"]
[WhiteElo "2090"]
[BlackElo "2214"]

1.d4 Nf6 2.Bg5 e6 3.e4 h6 4.Bxf6 Qxf6 5.c3 d6 6.Bd3 e5 7.d5 g6 8.Ne2 Bg7
9.Nd2 O-O 10.O-O Nd7 11.b4 Qe7 12.Rc1 h5 13.c4 h4 14.Nb3 Nf6 15.c5 Nh5 16.Kh1 h3
17.g3 f5 18.f3 Bh6 19.Rc3 Nf6 20.Bb1 fxe4 21.Bxe4 Nxe4 22.fxe4 Bg4 23.cxd6 cxd6
24.Qe1 Rxf1+ 25.Qxf1 Rf8 26.Qe1 Bf3+ 27.Kg1 Bg2 28.Nbc1 Qf7 29.Nf4 Bxf4  0-1

[Event "ch-RUS U20"]
[Site "Saint Petersburg RUS"]
[Date "2007.03.20"]
[Round "10"]
[White "Popov,Iv RUS"]
[Black "Rakhmanov,A"]
[Result "1-0"]
[WhiteElo "2531"]
[BlackElo "2473"]

1.d4 Nf6 2.Bg5 e6 3.e4 h6 4.Bxf6 Qxf6 5.Nf3 d6 6.Nc3 Nd7 7.Qd2 g6 8.O-O-O Qe7
9.Nb5 Nb6 10.Qc3 Kd8 11.Qe3 c6 12.Na3 Kc7 13.c4 Bg7 14.e5 d5 15.Kb1 dxc4
16.Nxc4 Nxc4 17.Bxc4 b6 18.Rc1 Bb7 19.d5 exd5 20.Bxd5 c5 21.Bxb7 Kxb7 22.Qe4+ Kc7
23.Rhe1 Rad8 24.Nd4 Rd7 25.Nc6 Qe6 26.Nxa7 Rhd8 27.f4 Rd2 28.Nb5+ Kb8 29.Rc2 Rd1+
30.Rxd1 Rxd1+ 31.Rc1 Rd2 32.Qf3 g5 33.Qa3 Qd7 34.Nd6 gxf4 35.Qb3 Qc7 36.Nc4 Rxg2
37.Nxb6 Qb7 38.Nd7+ Ka8 39.Qa4+ Qa7 40.Qc6+ Qb7 41.Qa4+ Qa7 42.Nb6+ Kb8 43.Qe8+ Kb7
44.Qc8+ Kxb6 45.Qxc5+ Ka6 46.Qc4+  1-0

[Event "Sander Schloss Open"]
[Site "Werther GER"]
[Date "2007.03.30"]
[Round "2"]
[White "Kartsev,So"]
[Black "Epishin,V"]
[Result "0-1"]
[WhiteElo "2213"]
[BlackElo "2554"]

1.d4 Nf6 2.Bg5 e6 3.Nf3 d5 4.e3 Nbd7 5.Nbd2 Bd6 6.Bd3 h6 7.Bh4 e5 8.dxe5 Nxe5
9.Nxe5 Bxe5 10.c3 c6 11.Bg3 Bxg3 12.hxg3 O-O 13.Qf3 Re8 14.Rh4 Nd7 15.Bc2 Ne5
16.Qh5 Qf6 17.Nf3 Nxf3+ 18.gxf3 Re5  0-1

[Event "Bundesliga 2006-7"]
[Site "Remagen GER"]
[Date "2007.04.01"]
[Round "15"]
[White "Polaczek,R"]
[Black "Straeter,T"]
[Result "1-0"]
[WhiteElo "2423"]
[BlackElo "2345"]

1.d4 Nf6 2.Bg5 e6 3.e4 h6 4.Bxf6 Qxf6 5.c3 d6 6.Bd3 Nc6 7.Ne2 Bd7 8.b4 g5
9.Nd2 h5 10.Nc4 g4 11.O-O Bh6 12.f4 Qg7 13.b5 Ne7 14.a4 f6 15.Qb3 O-O 16.Ne3 Kh8
17.Bc4 d5 18.exd5 e5 19.Qc2 Ng6 20.Nf5 Bxf5 21.Qxf5 Nxf4 22.Nxf4 Bxf4 23.Rxf4 exf4
24.Qxh5+ Qh7 25.Qxg4 Qh6 26.Rf1 Qg5 27.Qxf4 Qxf4 28.Rxf4 Kg7 29.Rg4+ Kh6
30.Rh4+ Kg7 31.Bd3 Rh8 32.Rg4+ Kf7 33.Bf5 a6 34.Be6+ Kf8 35.Rg6 axb5 36.Rxf6+ Kg7
37.Rf7+ Kg6 38.axb5 Ra1+ 39.Kf2 Rh7 40.Rxh7 Kxh7 41.b6 cxb6 42.d6 Kg7 43.d7 Ra8
44.h4 Kf6 45.d5 Ke7 46.h5 Kf6 47.g4 b5 48.Ke3 b6 49.Kf4 Ra4+ 50.Kg3 Ke7 51.h6  1-0

[Event "ch-Catalonia"]
[Site "Barcelona ESP"]
[Date "2007.04.03"]
[Round "3"]
[White "Garcia Extremera,M"]
[Black "Torner Planell,Jor"]
[Result "0-1"]
[WhiteElo "1429"]
[BlackElo "1992"]

1.d4 Nf6 2.Bg5 e6 3.e4 Be7 4.Nd2 d6 5.Ngf3 Nbd7 6.Bd3 e5 7.c3 Ng4 8.Bxe7 Qxe7
9.Qa4 O-O 10.h3 Ngf6 11.O-O-O a6 12.Qa3 c5 13.dxe5 dxe5 14.Nc4 b5 15.Ne3 Bb7
16.Nf5 Qe6 17.Bb1 Bxe4 18.Bxe4 Nxe4 19.N3h4 g5 20.Rhe1 gxh4 21.Rxe4 Qxf5
22.Rg4+ Kh8 23.f3 Nf6 24.Qxc5 Nxg4 25.hxg4 Qg5+ 26.Kb1 Rad8 27.Re1 Rfe8 28.a3 Rd2
29.Qc6 Qd8 30.Re4 Qd3+ 31.Ka2 Qd5+ 32.Qxd5 Rxd5 33.f4 f6 34.g5 f5 35.Re3 e4
36.Rh3 e3 37.Rxh4 Kg7 38.Rh1 e2  0-1

[Event "8th ch-Euro"]
[Site "Dresden GER"]
[Date "2007.04.03"]
[Round "1"]
[White "Pitl,G"]
[Black "Savchenko,B"]
[Result "0-1"]
[WhiteElo "2357"]
[BlackElo "2562"]

1.d4 Nf6 2.Bg5 e6 3.e4 c5 4.e5 h6 5.Bc1 Nd5 6.c4 Nb6 7.dxc5 Bxc5 8.Qg4 Kf8
9.Nc3 d5 10.exd6 Nc6 11.Bd2 e5 12.Qh5 Nd4 13.Bd3 Bxd6 14.O-O-O Be6 15.c5 Bxc5
16.Qxe5 Nd7 17.Qf4 g5 18.Qg3 Qb6 19.f4 g4 20.Nge2 Rc8 21.Nxd4 Bxd4 22.Bb1 Nc5
23.Bc2 Bf2 24.Qxf2 Nd3+ 25.Bxd3 Qxf2  0-1

[Event "8th ch-Euro"]
[Site "Dresden GER"]
[Date "2007.04.03"]
[Round "1"]
[White "Czap,B"]
[Black "Mastrovasilis,A"]
[Result "1/2-1/2"]
[WhiteElo "2207"]
[BlackElo "2543"]

1.d4 Nf6 2.Bg5 e6 3.e3 b6 4.Nf3 h6 5.Bh4 Be7 6.Bxf6 Bxf6 7.c3 Bb7 8.Bd3 d6
9.Nbd2 Nd7 10.Qe2 a6 11.h4 h5 12.O-O-O c5 13.Kb1 Be7 14.Rh3 Nf6 15.e4 Ng4
16.Nh2 Nxh2 17.Rxh2 Qc7 18.f4 b5 19.g3 c4 20.Bc2 O-O-O 21.e5 Kb8 22.Ne4 Bxe4
23.Qxe4 d5 24.Qe1 g6 25.a3 a5 26.Kc1 b4 27.axb4 axb4 28.Kd2 Kb7 29.Ke3 b3
30.Bb1 Ra8 31.Re2 Ra1 32.Kf2 Rha8 33.Kf1 Qb6 34.Kg2 Kc7 35.Kh2 R8a4 36.Kg2 Qa5
37.Kh2 Kd7 38.Kh3 Bd8 39.Kg2 Bb6 40.Kh3 Qa7 41.Kg2 Bd8 42.Kh3 Be7 43.Kg2 Kc7
44.Kh3 Kb6 45.Kg2 Kb5 46.Kh3  1/2-1/2

[Event "30th Open"]
[Site "San Sebastian ESP"]
[Date "2007.04.03"]
[Round "3"]
[White "Alvarado Fernandez,M"]
[Black "Izagirre Alsua,A"]
[Result "1-0"]
[WhiteElo "2000"]
[BlackElo "1709"]

1.d4 Nf6 2.Bg5 e6 3.e4 Be7 4.Bxf6 Bxf6 5.f4 g6 6.Nf3 d6 7.Bd3 Nc6 8.c3 a6
9.Nbd2 Bg7 10.O-O O-O 11.f5 e5 12.d5 Nb8 13.g4 g5 14.h4 h6 15.Kg2 b6 16.Rh1 Nd7
17.hxg5 hxg5 18.Rh5 f6 19.Qh1 b5 20.Rh7 Nb6 21.Qh5 Qe8 22.Qh3 Bb7 23.Rh1 Qd8
24.Rxg7+  1-0

[Event "8th ch-Euro"]
[Site "Dresden GER"]
[Date "2007.04.04"]
[Round "2"]
[White "Fernandes,An"]
[Black "Bente,B"]
[Result "1/2-1/2"]
[WhiteElo "2452"]
[BlackElo "2228"]

1.d4 Nf6 2.Bg5 e6 3.e4 h6 4.Bxf6 Qxf6 5.Nf3 d5 6.Nbd2 c5 7.exd5 exd5 8.Bb5+ Bd7
9.Qe2+ Qe6 10.Ne5 Nc6 11.Bxc6 bxc6 12.O-O Bd6 13.Rfe1 O-O 14.Nb3 Rfe8 15.Qd2 Qf5
16.Nxd7 Qxd7 17.Nxc5 Bxc5 18.dxc5 Qb7 19.b3 Qb5 20.Qc3 Rad8 21.a4 Qa6 22.h3 Kf8
23.Qd3 Qa5 24.c3 Qxc5 25.b4 Qd6 26.Qd4 Re7 27.Rxe7 Qxe7 28.Rd1 Rd7 29.Kf1 Qd6
30.Re1 Rc7 31.Re5 f6 32.Re1 c5 33.Qe3 Re7 34.Qxc5 Qxc5 35.bxc5 Rc7 36.Rb1 Rxc5
37.Rb3 a6 38.Ke2 Rc4 39.Ra3 Ke7 40.a5 Kd6 41.Rb3 Ke5 42.Rb6 Rxc3 43.Rxa6 Rc2+
44.Kf3 Rc3+ 45.Ke2 Rc2+ 46.Kf3 Rc3+ 47.Ke2  1/2-1/2